Renta nacional y nivel de precios: curso de teoría macroeconómica

Na minha lista:
Detalhes bibliográficos
Autor principal: Bailey, Martin J (Author)
Formato: Livro
Idioma:espanhol
Publicado em: Madrid Alianza 1978
Edição:3a. ed
Colecção:Alianza Universidad
Assuntos:
Tags: Adicionar Tag
Sem tags, seja o primeiro a adicionar uma tag!

MARC

LEADER 00000nam a2200000 a 4500
001 UCQ2137
003 CL-VaPUC
008 980721e19780000SP |||||||||||||||||spa|d
082 0 4 |a 339.3  |b BAI  |2 21 
100 0 |a Bailey, Martin J  |e author  |9 416065 
245 1 0 |a Renta nacional y nivel de precios: curso de teoría macroeconómica 
250 |a 3a. ed 
300 |a 348 p 
942 |c BK 
945 |d 19980721 00:00:00  |a crobeson 
260 |a Madrid  |b Alianza  |c 1978 
650 7 |a RENTA NACIONAL  |2 CL-VaPUC  |9 359260 
650 7 |a INGRESO NACIONAL  |2 CL-VaPUC  |9 334289 
650 0 |a Inflación   |9 257218 
650 0 |a Crecimiento económico   |9 314037 
650 0 |a Consumo  |9 333893 
650 0 |a Política económica   |9 255029 
650 0 |a Macroeconomía   |9 260301 
583 |a last modification  |c 19980721 00:00:00  |k Rodrigo Vera 
490 0 |a Alianza Universidad 
999 |c 272978  |d 272976 
952 |0 0  |1 0  |4 0  |6 339_300000000000000_BAI_1978  |7 0  |8 A  |9 308214  |a BIBENE  |b BIBENE  |d 2019-11-20  |i 1439448  |o 339.3 BAI 1978  |p 1439448  |r 2025-01-15  |w 2019-11-20  |y BK  |k ICO